000 00702cam a2200241 a 4500
001 2123679
005 20180824075635.0
008 970311s1997 azua b 001 0 eng
010 _a 97008299
020 _a1573561134 (alk. paper)
040 _aDLC
_cDLC
_dDLC
041 _aeng
043 _an-us---
080 _a378.052
082 0 0 _a378.052
_221
100 1 _a37
101 _aEDU
245 1 2 _aA learning college for the 21st century /
_cTerry O'Banion.
504 _aIncludes bibliographical references and index.
906 _a7
_bcbc
_corignew
_d1
_eocip
_f19
_gy-gencatlg
942 _2ddc
_cBK
999 _c47320
_d47320